Catalog

Record Details

Catalog Search



Arthur [DVD/videorecording] / Warner Bros. ... Read More

Available copies

  • 2 of 2 copies available at LARL/NWRL Consortium.

Current holds

0 current holds with 2 total copies.

Show All Copies
Location Call Number / Copy Notes Barcode Shelving Location Status Due Date
Godel Memorial-Warren Library DVD ART (Text) 35500006396475 Main Available -
Greenbush Public Library DVD ART (Text) 35500006385296 Main Available -

Record details

  • ISBN: 9780780677074
  • ISBN: 0780677072
  • Physical Description: 1 videodisc (110 min.) : sd., col. ; 4 3/4 in.
  • Publisher: Burbank, CA : Warner Home Video, c2011.

Content descriptions

General Note:
Story by Steve Gordon.
DVD release of the 2011 motion picture.
Special features: Additional scenes.
Creation/Production Credits Note:
Director of photography, Uta Briesewitz ; editor, ... Read More
Participant or Performer Note:
Russell Brand, Helen Mirren, Greta Gerwig, Luis ... Read More
Summary, etc.:
Lovable billionaire Arthur Bach has always relied ... Read More
Target Audience Note:
MPAA rating: PG-13; for alcohol use throughout, ... Read More
System Details Note:
DVD ; widescreen presentation ; Dolby digital 5.1 ... Read More
Language Note:
In English, dubbed French or dubbed Spanish, with ... Read More
Subtitled for the deaf and hard of hearing.
Subject: Man-woman relationships > Drama.
Billionaires > Drama.
Relaciones hombre-mujer > Teatro.
Clases sociales > Teatro.
Genre: Feature films.
Romantic comedy films.
Video recordings for the hearing impaired.
Comedy films.
LDR 03682cgm a2200733Ia 4500
001133420
003LARL_NWRL_CONSORTIUM
00520110722090140.0
007vd cvaizq
008110531s2011 cau110 vleng d
019 . ‡a739120364
020 . ‡a9780780677074
020 . ‡a0780677072
0241 . ‡a883929191161
0241 . ‡a883929199655
02842. ‡a1000203711 ‡bWarner Home Video
035 . ‡a(OCoLC)727806499 ‡z(OCoLC)739120364
037 . ‡bMidwest Tape ‡nhttp://www.midwesttapes.com
040 . ‡aTEFMT ‡cTEFMT ‡dTEF ‡dMR0 ‡dBKX ‡dJO6
0410 . ‡aeng ‡afre ‡aspa ‡jeng ‡jfre ‡jspa
050 4. ‡aPN1997.2 ‡b.A78487 2011
08204. ‡a791.43/72 ‡223
24500. ‡aArthur ‡h[DVD/videorecording] / ‡cWarner Bros. Pictures presents ; a Kevin McCormick, MBST Entertainment, Bencerspink production ; screenplay by Peter Baynham ; produced by Larry Brezner ... [et al.] ; directed by Jason Winer.
260 . ‡aBurbank, CA : ‡bWarner Home Video, ‡cc2011.
300 . ‡a1 videodisc (110 min.) : ‡bsd., col. ; ‡c4 3/4 in.
538 . ‡aDVD ; widescreen presentation ; Dolby digital 5.1 surround; region 1.
546 . ‡aIn English, dubbed French or dubbed Spanish, with optional subtitles in English, French and Spanish.
546 . ‡aSubtitled for the deaf and hard of hearing.
5111 . ‡aRussell Brand, Helen Mirren, Greta Gerwig, Luis Guzman, Geraldine James, Nick Nolte, Jennifer Garner.
508 . ‡aDirector of photography, Uta Briesewitz ; editor, Brent White ; music, Theodore Shapiro.
500 . ‡aStory by Steve Gordon.
500 . ‡aDVD release of the 2011 motion picture.
5218 . ‡aMPAA rating: PG-13; for alcohol use throughout, sexual content, language and some drug references.
520 . ‡aLovable billionaire Arthur Bach has always relied on his limitless fortune and nanny Hobson to keep him out of trouble. Now he faces his biggest challenge. He must choose between an arranged marriage that will ensure his lavish lifestyle or an uncertain future with the one thing money can't buy, Naomi, the only woman he has ever loved. With Naomi's inspiration and some unconventional help from Hobson, Arthur will finally learn what it means to become a man.
500 . ‡aSpecial features: Additional scenes.
650 0. ‡aMan-woman relationships ‡vDrama. ‡0(LARL_NWRL_CONSORTIUM)166008
650 0. ‡aBillionaires ‡vDrama.
650 7. ‡aRelaciones hombre-mujer ‡vTeatro. ‡2bidex
650 7. ‡aClases sociales ‡vTeatro. ‡2bidex
655 7. ‡aFeature films. ‡2lcgft ‡0(LARL_NWRL_CONSORTIUM)175625
655 7. ‡aRomantic comedy films. ‡2lcgft ‡0(LARL_NWRL_CONSORTIUM)175729
655 7. ‡aVideo recordings for the hearing impaired. ‡2lcgft ‡0(LARL_NWRL_CONSORTIUM)175744
655 7. ‡aComedy films. ‡2gsafd ‡0(LARL_NWRL_CONSORTIUM)175650
7001 . ‡aBaynham, Peter. ‡0(LARL_NWRL_CONSORTIUM)212602
7001 . ‡aBrezner, Larry. ‡0(LARL_NWRL_CONSORTIUM)186323
7001 . ‡aWiner, Jason.
7001 . ‡aBrand, Russell, ‡d1975- ‡0(LARL_NWRL_CONSORTIUM)202495
7001 . ‡aMirren, Helen. ‡0(LARL_NWRL_CONSORTIUM)93861
7001 . ‡aGerwig, Greta. ‡0(LARL_NWRL_CONSORTIUM)200029
7001 . ‡aGuzmán, Luis, ‡d1957- ‡0(LARL_NWRL_CONSORTIUM)148649
7001 . ‡aJames, Geraldine, ‡d1950- ‡0(LARL_NWRL_CONSORTIUM)142285
7001 . ‡aNolte, Nick. ‡0(LARL_NWRL_CONSORTIUM)139673
7001 . ‡aGarner, Jennifer, ‡d1973- ‡0(LARL_NWRL_CONSORTIUM)136586
7001 . ‡aGordon, Steve, ‡d1938-1982. ‡0(LARL_NWRL_CONSORTIUM)203051
7102 . ‡aWarner Home Video (Firm) ‡0(LARL_NWRL_CONSORTIUM)139520
7102 . ‡aWarner Bros. Entertainment. ‡0(LARL_NWRL_CONSORTIUM)191744
948 . ‡hNO HOLDINGS IN LAL - 302 OTHER HOLDINGS
994 . ‡aZ0 ‡bLAL
901 . ‡a133420 ‡bOCLC ‡c133420 ‡tbiblio

Additional Resources